Imagist poem Quiz Stats

 Plays Quiz not verified by Sporcle

Score 0/28 Timer 05:00
0 Plays Today
Words % Correct
the
98.9%
the
98.9%
and
98.9%
and
98.9%
I
94.7%
you
61.7%
in
57.4%
so
54.3%
so
54.3%
for
52.1%
me
47.9%
were
42.6%
were
42.6%
were
42.6%
Words % Correct
have
38.3%
that
33%
they
33%
which
24.5%
sweet
21.3%
eaten
20.2%
plums
20.2%
icebox
20.2%
delicious
20.2%
probably
19.1%
saving
19.1%
breakfast.
19.1%
Forgive
19.1%
cold.
19.1%

You're not logged in!

Compare scores with friends on all Sporcle quizzes.
OR
Log In

Show Comments

Extras

Created Oct 20, 2010ReportNominate
Tags:Famous Quiz, Poem Quiz, complete

Top Quizzes Today


Score Distribution

Your Account Isn't Verified!

In order to create a playlist on Sporcle, you need to verify the email address you used during registration. Go to your Sporcle Settings to finish the process.

Report this User

Report this user for behavior that violates our Community Guidelines.

Details: